000 00290nam a22001337a 4500
020 _aNA
082 _222
_a621.31042
100 _aHusain, Ashfaq.
245 _aElectric machines /
250 _a1st ed.
260 _bDhanpat Rai & Co.,
_cc2004.
300 _a0
_bill. ;
942 _2ddc
_cEE
_01
999 _c4018
_d4018